<?xml version="1.0" encoding="UTF-8"?><?xml-stylesheet type="text/xsl" href="static/style.xsl"?><OAI-PMH xmlns="http://www.openarchives.org/OAI/2.0/" xmlns:xsi="http://www.w3.org/2001/XMLSchema-instance" xsi:schemaLocation="http://www.openarchives.org/OAI/2.0/ http://www.openarchives.org/OAI/2.0/OAI-PMH.xsd"><responseDate>2026-04-30T00:21:32Z</responseDate><request verb="GetRecord" identifier="oai:uvadoc.uva.es:10324/73618" metadataPrefix="marc">https://uvadoc.uva.es/oai/request</request><GetRecord><record><header><identifier>oai:uvadoc.uva.es:10324/73618</identifier><datestamp>2025-01-10T20:03:52Z</datestamp><setSpec>com_10324_38</setSpec><setSpec>col_10324_852</setSpec></header><metadata><record xmlns="http://www.loc.gov/MARC21/slim" xmlns:doc="http://www.lyncode.com/xoai" xmlns:xsi="http://www.w3.org/2001/XMLSchema-instance" xmlns:dcterms="http://purl.org/dc/terms/" xsi:schemaLocation="http://www.loc.gov/MARC21/slim http://www.loc.gov/standards/marcxml/schema/MARC21slim.xsd">
<leader>00925njm 22002777a 4500</leader>
<datafield tag="042" ind1=" " ind2=" ">
<subfield code="a">dc</subfield>
</datafield>
<datafield tag="720" ind1=" " ind2=" ">
<subfield code="a">Guerreiro Delgado, Héctor</subfield>
<subfield code="e">author</subfield>
</datafield>
<datafield tag="260" ind1=" " ind2=" ">
<subfield code="c">2024</subfield>
</datafield>
<datafield tag="520" ind1=" " ind2=" ">
<subfield code="a">El presente proyecto surge con la intención de hacer una valoración de residuos de plantaciones frutales en forma de bioetanol. Concretamente, se ha centrado en una explotación de manzanos de 1.055 hectáreas ubicada en La Rasa, municipio de El Burgo de Osma, Soria.  &#xd;
Tras un estudio de alternativas previo, se ha decidido emplear las manzanas procedentes del aclareo para la producción de bioetanol, y la utilización de los restos de poda como apoyo energético para los procesos.  &#xd;
Partiendo de esa base, se ha llevado a cabo el diseño del proceso de producción de bioetanol desde la recogida de la materia prima en campo, hasta su almacenaje posterior. Se ha estimado una producción anual de 86,01 toneladas de bioetanol. &#xd;
Se ha construido una nave dividida en tres áreas: almacén, oficina y área de producción. La zona de oficina cuenta con un servicio y un vestuario.</subfield>
</datafield>
<datafield tag="024" ind2=" " ind1="8">
<subfield code="a">https://uvadoc.uva.es/handle/10324/73618</subfield>
</datafield>
<datafield tag="245" ind1="0" ind2="0">
<subfield code="a">Proyecto de instalaciones con aprovechamiento de residuos de producción de frutales para obtención de bioetanol</subfield>
</datafield>
</record></metadata></record></GetRecord></OAI-PMH>